<?xml version="1.0" encoding="UTF-8"?>
<record
    xmlns:xsi="http://www.w3.org/2001/XMLSchema-instance"
    xsi:schemaLocation="http://www.loc.gov/MARC21/slim http://www.loc.gov/standards/marcxml/schema/MARC21slim.xsd"
    xmlns="http://www.loc.gov/MARC21/slim">

  <leader>01230nam a2200313 i 4500</leader>
  <controlfield tag="005">20220203141326.0</controlfield>
  <controlfield tag="008">220203t2021    mnua   j      ||0 1 eng d</controlfield>
  <datafield tag="020" ind1=" " ind2=" ">
    <subfield code="a">9781515882626</subfield>
    <subfield code="c">RM 92.95</subfield>
    <subfield code="q">hardback</subfield>
  </datafield>
  <datafield tag="040" ind1=" " ind2=" ">
    <subfield code="a">PPAK</subfield>
    <subfield code="b">eng</subfield>
    <subfield code="c">PPAK</subfield>
    <subfield code="e">rda</subfield>
  </datafield>
  <datafield tag="082" ind1="0" ind2="4">
    <subfield code="2">23</subfield>
    <subfield code="a">813.6</subfield>
  </datafield>
  <datafield tag="090" ind1="0" ind2="0">
    <subfield code="a">813.6</subfield>
    <subfield code="b">FAR</subfield>
    <subfield code="d">K</subfield>
  </datafield>
  <datafield tag="100" ind1="1" ind2=" ">
    <subfield code="a">Faruqi, Saadia,</subfield>
    <subfield code="e">author.</subfield>
  </datafield>
  <datafield tag="245" ind1="1" ind2="0">
    <subfield code="a">YASMIN The Singer /</subfield>
    <subfield code="c">written by SAADIA FARUQI ; illustrated by HATEM ALY</subfield>
  </datafield>
  <datafield tag="264" ind1=" " ind2="1">
    <subfield code="a">North Mankato, Minnesota : </subfield>
    <subfield code="b">Picture Window Books,</subfield>
    <subfield code="c">[2021] </subfield>
  </datafield>
  <datafield tag="264" ind1=" " ind2="4">
    <subfield code="c">&#xA9;2021.</subfield>
  </datafield>
  <datafield tag="300" ind1=" " ind2=" ">
    <subfield code="a">25 pages : </subfield>
    <subfield code="b">colour illustrations ; </subfield>
    <subfield code="c">24 cm.</subfield>
  </datafield>
  <datafield tag="336" ind1=" " ind2=" ">
    <subfield code="2">rdacontent</subfield>
    <subfield code="a">text</subfield>
  </datafield>
  <datafield tag="337" ind1=" " ind2=" ">
    <subfield code="2">rdamedia</subfield>
    <subfield code="a">unmediated</subfield>
  </datafield>
  <datafield tag="338" ind1=" " ind2=" ">
    <subfield code="2">rdacarrier</subfield>
    <subfield code="a">volume</subfield>
  </datafield>
  <datafield tag="490" ind1="1" ind2=" ">
    <subfield code="a">YASMIN</subfield>
  </datafield>
  <datafield tag="520" ind1=" " ind2=" ">
    <subfield code="a">Yasmin is excited to attend a wedding party, but when the singing starts Yasmin is too shy to join in. She finds a quiet spot to hide. So how does Yasmin suddenly find herself in the spotlight?</subfield>
  </datafield>
  <datafield tag="600" ind1=" " ind2="0">
    <subfield code="a">Yasmin (Fictitious character) </subfield>
    <subfield code="v">Juvenile fiction.</subfield>
  </datafield>
  <datafield tag="650" ind1="1" ind2="0">
    <subfield code="a">Bashfulness </subfield>
    <subfield code="v">Juvenile fiction.</subfield>
  </datafield>
  <datafield tag="650" ind1="2" ind2="0">
    <subfield code="a">Pakistani Americans </subfield>
    <subfield code="v">Juvenile fiction.</subfield>
  </datafield>
  <datafield tag="650" ind1="2" ind2="0">
    <subfield code="a">Muslims </subfield>
    <subfield code="z"> United States</subfield>
    <subfield code="v">Juvenile fiction.</subfield>
  </datafield>
  <datafield tag="700" ind1="1" ind2=" ">
    <subfield code="a">Aly, Hatem, </subfield>
    <subfield code="e">illustrator.</subfield>
  </datafield>
  <datafield tag="830" ind1=" " ind2="0">
    <subfield code="a">Yasmin</subfield>
  </datafield>
  <datafield tag="942" ind1=" " ind2=" ">
    <subfield code="2">ddc</subfield>
    <subfield code="c">B</subfield>
  </datafield>
  <datafield tag="999" ind1=" " ind2=" ">
    <subfield code="c">187341</subfield>
    <subfield code="d">187341</subfield>
  </datafield>
  <datafield tag="952" ind1=" " ind2=" ">
    <subfield code="0">0</subfield>
    <subfield code="7">0</subfield>
    <subfield code="b">PPAK</subfield>
    <subfield code="c">K</subfield>
    <subfield code="d">2022-02-10</subfield>
    <subfield code="l">10</subfield>
    <subfield code="m">1</subfield>
    <subfield code="o">K 813.6 FAR</subfield>
    <subfield code="p">A01724324</subfield>
    <subfield code="r">2025-11-13 15:00:44</subfield>
    <subfield code="s">2025-10-21</subfield>
    <subfield code="y">B</subfield>
  </datafield>
  <datafield tag="952" ind1=" " ind2=" ">
    <subfield code="0">0</subfield>
    <subfield code="7">0</subfield>
    <subfield code="b">SP</subfield>
    <subfield code="c">K</subfield>
    <subfield code="d">2022-02-10</subfield>
    <subfield code="l">9</subfield>
    <subfield code="m">3</subfield>
    <subfield code="o">K 813.6 FAR</subfield>
    <subfield code="p">A01724325</subfield>
    <subfield code="r">2026-01-31 17:26:26</subfield>
    <subfield code="s">2025-12-20</subfield>
    <subfield code="y">B</subfield>
  </datafield>
  <datafield tag="952" ind1=" " ind2=" ">
    <subfield code="0">0</subfield>
    <subfield code="7">0</subfield>
    <subfield code="b">LW</subfield>
    <subfield code="c">K</subfield>
    <subfield code="d">2022-02-10</subfield>
    <subfield code="l">6</subfield>
    <subfield code="o">K 813.6 FAR</subfield>
    <subfield code="p">A01724326</subfield>
    <subfield code="r">2025-11-17 15:47:42</subfield>
    <subfield code="s">2025-11-05</subfield>
    <subfield code="y">B</subfield>
  </datafield>
  <datafield tag="952" ind1=" " ind2=" ">
    <subfield code="0">0</subfield>
    <subfield code="7">0</subfield>
    <subfield code="b">KM</subfield>
    <subfield code="c">K</subfield>
    <subfield code="d">2022-02-10</subfield>
    <subfield code="l">4</subfield>
    <subfield code="m">1</subfield>
    <subfield code="o">K 813.6 FAR</subfield>
    <subfield code="p">A01724327</subfield>
    <subfield code="r">2025-10-11 13:53:09</subfield>
    <subfield code="s">2025-09-13</subfield>
    <subfield code="y">B</subfield>
  </datafield>
  <datafield tag="952" ind1=" " ind2=" ">
    <subfield code="0">0</subfield>
    <subfield code="7">0</subfield>
    <subfield code="b">BL</subfield>
    <subfield code="c">K</subfield>
    <subfield code="d">2022-02-10</subfield>
    <subfield code="l">2</subfield>
    <subfield code="o">K 813.6 FAR</subfield>
    <subfield code="p">A01724328</subfield>
    <subfield code="r">2025-11-12 14:45:56</subfield>
    <subfield code="s">2025-10-19</subfield>
    <subfield code="y">B</subfield>
  </datafield>
  <datafield tag="952" ind1=" " ind2=" ">
    <subfield code="0">0</subfield>
    <subfield code="7">0</subfield>
    <subfield code="b">BB</subfield>
    <subfield code="c">K</subfield>
    <subfield code="d">2022-02-10</subfield>
    <subfield code="l">1</subfield>
    <subfield code="o">K 813.6 FAR</subfield>
    <subfield code="p">A01724329</subfield>
    <subfield code="r">2023-07-23 14:21:40</subfield>
    <subfield code="s">2023-07-05</subfield>
    <subfield code="y">B</subfield>
  </datafield>
</record>
